000 00603nam a2200181 i 4500
001 23500
003 ES-MaACL
005 20230906152901.0
007 t|
008 021210s1958 sp ||||1| spa d
100 1 _aAllers, Rudolf.
_920030
245 1 0 _aPedagogía sexual y relaciones humanas /
_cRudolf Allers ; con una introducción, notas [y traducción] por Oliver Brachfeld.
250 _a[1ª ed.].
260 _aBarcelona :
_bLuis Miracle,
_c[1958] (
_eAndorra :
_fCasal i Vall)
300 _a384 p. ;
_c22 cm.
700 1 _aOliver Brachfeld, F.
_986832
852 _aES-MaACL
_jC-17217
_bR.45148
999 _c23500
_d23500